01633 am a2200421 a 450000500170000000800410001702000150005804100080007309200190008110000310010024500530013125000110018426000560019530000110025150001230026265300260038565300750041165300380048665300310052465300450055565300400060065300450064065300220068565300390070765300380074665300410078465300150082565300410084065300180088165300480089965300410094765300440098870000330103293000090106594200120107499900130108695201120109920220817085813.0100415s1984||||ag a f |||| 001 0 spa d a9505051441 aspa c612.4aMOGl531 aMoguilevsky, Jaime A.9243 aNeuroendocrinología / cJaime A. Moguilevsky. a1a ed. aBuenos Aires : bLópez Libreros Editores, c1984. a332 p. aMoguilevsky, J. A. y Faigón, M. R. (1984). Neuroendocrinología. (1a ed.) Buenos Aires: López Libreros ediciones aNeuroendocrinología aNeurosecreción. Anatomiía funcional del eje hipotalamo hiposisario aHormonas o factores hipotalamicos aMecanismos de regulación aNeurotrasmisores y neuroendocrinología aEndorfinas y neuroendrocrinología aProstaglandinas y neuroendrocrinología aGlándula pineal aEje hipotálamo-hipofiso tiroideo aEje hipotálamo-hipofiso ovarico aEje hipotálamo-hipofiso testicular aProlactina aNeuroendocrinología de la pubertad aSomatotrofina aEje hipotalamo-hipofisio-corticosuprarrenal aNeuroendocrinologia de la menopausia aFisiopatología de la secrecion de MSH1 aFaigón, María Rosa.9264 a1827 2ddccBK c256d256 00102ddc405171aBFMbBFMcCRd2011-05-13l0o612.4 53 MOGp1827r2014-11-06tej.1w2011-05-13yBKzBaja